000 00500nam a2200205Ia 4500
003 OSt
005 20140311163113.0
008 140130s9999 xx 000 0 und d
020 _a0439166233
050 _aPZ 7
_b.Sa1185Do 2000
100 _aSachar, Louis
_917452
245 _aDogs Don't Tell Jokes /
_cLouis Sachar
260 _bScholastic,
_c2000.
_aNew York :
300 _a209 p. :
_c18 cm.
440 _v1
_931174
521 _aG3
526 _c560
942 _cBK
_2lcc
999 _c40646
_d40646